00645nam a22002177a 4500003000400000005001700004008004100021020002200062024002100084040000900105100001700114245011400131260003400245300001200279654001700291654003100308654001200339654002700351654002800378700002100406OSt20140626132402.0131014e2013 xxu||||| |||| 00| 0 eng d a978-84-9875-263-2 2DLaB. 2510-2013 ccdmr aRojas, Pedro aCómo preparar un plan social media marketing b: en un mundo que ya es 2.0cRojas, Pedro ; Redondo, María aEspanyac2013bGestión 2000 a225 p.  aMàrqueting aComunicació en l'empresa aWeb 2.0 aReputació en línia aSocial Media Management aRedondo, María